Statistics for Doctor Who Companions

Click here to take the quiz!

General Stats

  • This quiz has been taken 68 times
  • The average score is 11 of 13

Answer Stats

Doctor(s)Companion% Correct
Ninth Doctor / Tenth DoctorRose Tyler
98%
Tenth DoctorMartha Jones
97%
Tenth DoctorDonna Noble
95%
Eleventh DoctorAmy Pond
93%
Eleventh DoctorRory Williams
93%
Eleventh Doctor / Twelfth DoctorClara Oswlad
91%
Fourth Doctor / Tenth DoctorSarah Jane Smith
91%
Eleventh DoctorRiver Song
88%
Twelfth DoctorBill Potts
86%
Tenth DoctorMickey Smith
81%
Seventh DoctorDorothy 'Ace' McShane
62%
Tenth DoctorJackie Tyler
55%
Tenth DoctorCaptain Jack Harkness
50%

Score Distribution

Percentile by Number Answered

Percent of People with Each Score

Your Score History

You have not taken this quiz